[Event "World Chess Olympiad 2018"]
[Site "Batumi"]
[Date "2018.10.02"]
[Round "8"]
[Board "4"]
[WhiteFideId "6504779"]
[White "Jimenez Garcia Emmanuel"]
[BlackFideId "8500290"]
[Black "Olape Bunmi"]
[Result "1/2-1/2"]
[LiveChessVersion "1.4.8"]
[BlackElo "2252"]
[WhiteElo "2290"]

1. Nf3 {[%clk 1:30:54]} d5 {[%clk 1:30:46]} 2. g3 {[%clk 1:31:20]} c5
{[%clk 1:30:58]} 3. Bg2 {[%clk 1:31:37]} Nc6 {[%clk 1:31:20]} 4. O-O
{[%clk 1:31:33]} Nf6 {[%clk 1:31:43]} 5. d3 {[%clk 1:31:37]} e6 {[%clk 1:32:02]}
6. Nbd2 {[%clk 1:29:43]} Be7 {[%clk 1:31:50]} 7. e4 {[%clk 1:27:09]} b6
{[%clk 1:32:06]} 8. b3 {[%clk 1:26:20]} Bb7 {[%clk 1:31:56]} 9. Bb2
{[%clk 1:26:35]} O-O {[%clk 1:31:55]} 10. Re1 {[%clk 1:26:41]} Re8
{[%clk 1:31:55]} 11. Qe2 {[%clk 1:16:30]} a5 {[%clk 1:28:28]} 12. a4
{[%clk 1:14:05]} Nb4 {[%clk 1:27:32]} 13. e5 {[%clk 1:13:06]} Nd7
{[%clk 1:27:45]} 14. Rac1 {[%clk 1:10:49]} Rc8 {[%clk 1:26:48]} 15. h4
{[%clk 1:05:15]} Qc7 {[%clk 1:24:11]} 16. Nh2 {[%clk 1:01:00]} Ba6
{[%clk 1:20:15]} 17. c4 {[%clk 0:59:01]} Nb8 18. Nb1 {[%clk 0:31:00]} Rcd8
{[%clk 1:17:59]} 19. Rcd1 {[%clk 0:27:57]} N8c6 {[%clk 1:17:42]} 20. cxd5
{[%clk 0:25:22]} exd5 {[%clk 1:16:31]} 21. f4 {[%clk 0:16:16]} Qc8
{[%clk 1:14:17]} 22. Nf3 {[%clk 0:15:44]} Qf5 {[%clk 1:13:08]} 23. Bf1
{[%clk 0:16:04]} Qg6 {[%clk 1:10:14]} 24. Kh2 {[%clk 0:12:53]} Bc8
{[%clk 1:09:58]} 25. Bh3 {[%clk 0:09:14]} Bxh3 {[%clk 1:09:06]} 26. Kxh3
{[%clk 0:09:43]} Qe6+ {[%clk 1:09:18]} 27. Kh2 {[%clk 0:07:06]} d4
{[%clk 1:09:30]} 28. Nbd2 {[%clk 0:06:14]} Nc2 {[%clk 1:09:43]} 29. Rg1
{[%clk 0:05:43]} Ne3 {[%clk 1:10:00]} 30. Rde1 {[%clk 0:03:14]} f6
{[%clk 1:07:31]} 31. Nc4 {[%clk 0:02:34]} Ng4+ {[%clk 1:07:20]} 32. Kg2
{[%clk 0:02:10]} fxe5 {[%clk 1:06:52]} 33. Bc1 {[%clk 0:01:54]} Qg6
{[%clk 1:00:02]} 34. fxe5 {[%clk 0:01:36]} Nb4 {[%clk 0:59:16]} 35. Rd1
{[%clk 0:01:16]} Nd5 {[%clk 0:58:27]} 36. Ng5 {[%clk 0:00:52]} h5
{[%clk 0:52:08]} 37. Qe4 {[%clk 0:00:38]} Qxe4+ {[%clk 0:52:09]} 38. Nxe4
{[%clk 0:00:41]} Rf8 {[%clk 0:50:27]} 39. Rgf1 {[%clk 0:00:33]} Rxf1
{[%clk 0:49:59]} 40. Rxf1 {[%clk 0:30:52]} Nb4 {[%clk 1:19:31]} 41. Rd1
{[%clk 0:27:41]} Rf8 {[%clk 1:17:35]} 42. Nxb6 {[%clk 0:22:03]} Nxe5
{[%clk 1:17:15]} 43. Nc4 {[%clk 0:21:17]} Nexd3 {[%clk 1:16:01]} 44. Nxa5
{[%clk 0:19:57]} Re8 {[%clk 1:15:48]} 45. Nf2 {[%clk 0:16:35]} Nxf2
{[%clk 1:09:26]} 46. Kxf2 {[%clk 0:17:03]} Bd8 {[%clk 1:08:09]} 47. Nc4
{[%clk 0:16:49]} Rf8+ {[%clk 1:07:59]} 48. Kg2 {[%clk 0:16:47]} Nd5
{[%clk 1:07:22]} 49. Ba3 {[%clk 0:15:07]} Be7 {[%clk 1:06:50]} 50. Re1
{[%clk 0:11:17]} Rd8 {[%clk 1:06:45]} 51. Re6 {[%clk 0:06:28]} d3
{[%clk 1:05:13]} 52. Nd2 {[%clk 0:03:51]} Bxh4 {[%clk 1:04:45]} 53. Re5
{[%clk 0:01:22]} Bf6 {[%clk 1:04:10]} 54. Rxh5 {[%clk 0:01:46]} Bc3
{[%clk 1:03:35]} 55. Bc1 {[%clk 0:02:03]} g6 {[%clk 1:03:30]} 56. Rg5
{[%clk 0:01:15]} Kf7 {[%clk 1:03:35]} 57. Kf3 {[%clk 0:01:31]} Bb4
{[%clk 0:57:49]} 58. Nc4 {[%clk 0:01:15]} Kf6 {[%clk 0:57:11]} 59. Rg4
{[%clk 0:00:44]} Re8 {[%clk 0:54:58]} 60. Re4 {[%clk 0:00:54]} Rb8
{[%clk 0:49:38]} 61. Ne5 {[%clk 0:00:44]} Rb7 {[%clk 0:45:40]} 62. Nxd3
{[%clk 0:01:02]} Kf7 {[%clk 0:43:37]} 63. Rc4 {[%clk 0:00:36]} Ke6
{[%clk 0:43:22]} 64. Be3 {[%clk 0:00:33]} Ba3 {[%clk 0:42:59]} 65. b4
{[%clk 0:00:31]} Rf7+ {[%clk 0:43:06]} 66. Nf4+ {[%clk 0:00:31]} Nxf4
{[%clk 0:43:10]} 67. gxf4 {[%clk 0:00:39]} cxb4 {[%clk 0:42:55]} 68. Rc6+
{[%clk 0:00:43]} Kd5 {[%clk 0:41:47]} 69. Rc5+ {[%clk 0:01:08]} Kd6
{[%clk 0:42:02]} 70. Rb5 {[%clk 0:01:28]} Kc6 {[%clk 0:41:54]} 71. Bd2
{[%clk 0:00:59]} Rb7 {[%clk 0:39:33]} 72. Bxb4 {[%clk 0:00:34]} Bxb4
{[%clk 0:39:47]} 73. Rxb7 {[%clk 0:01:01]} Kxb7 {[%clk 0:39:35]} 74. f5
{[%clk 0:01:29]} 1/2-1/2

[Event "World Chess Olympiad 2018"]
[Site "Batumi"]
[Date "2018.10.02"]
[Round "8"]
[Board "1"]
[WhiteFideId "3508684"]
[White "Sanchez Alvarez Roberto Carlos"]
[BlackFideId "3900258"]
[Black "Ynojosa Aponte Felix Jose"]
[Result "1-0"]
[LiveChessVersion "1.4.8"]
[BlackElo "2370"]
[WhiteElo "2391"]

1. d4 {[%clk 1:30:57]} Nf6 {[%clk 1:30:51]} 2. c4 {[%clk 1:31:18]} e6
{[%clk 1:31:18]} 3. Nc3 {[%clk 1:31:38]} d5 {[%clk 1:31:44]} 4. Bg5
{[%clk 1:31:57]} c6 {[%clk 1:29:26]} 5. e3 {[%clk 1:32:14]} Bd6 {[%clk 1:27:52]}
6. Nf3 {[%clk 1:31:24]} h6 {[%clk 1:25:45]} 7. Bh4 {[%clk 1:31:21]} O-O
{[%clk 1:25:06]} 8. Qc2 {[%clk 1:31:38]} Re8 {[%clk 1:15:04]} 9. O-O-O
{[%clk 1:28:48]} Be7 {[%clk 1:00:32]} 10. Rg1 {[%clk 1:27:25]} dxc4
{[%clk 1:00:27]} 11. g4 {[%clk 1:15:49]} b5 {[%clk 0:49:01]} 12. g5
{[%clk 1:13:06]} hxg5 {[%clk 0:31:31]} 13. Nxg5 {[%clk 1:12:00]} Rf8
{[%clk 0:30:39]} 14. Bxc4 {[%clk 1:04:03]} bxc4 {[%clk 0:29:05]} 15. Rg3
{[%clk 1:02:34]} Qa5 {[%clk 0:22:46]} 16. d5 {[%clk 1:02:07]} Na6
{[%clk 0:12:45]} 17. Nh7 {[%clk 0:38:51]} Nxh7 {[%clk 0:11:22]} 18. Rdg1
{[%clk 0:38:01]} Bg5 {[%clk 0:02:34]} 19. Bxg5 {[%clk 0:35:07]} f5
{[%clk 0:01:16]} 20. Bh6 {[%clk 0:34:36]} Nb4 {[%clk 0:00:39]} 21. Rxg7+
{[%clk 0:33:35]} Kh8 {[%clk 0:01:05]} 22. Qe2 {[%clk 0:32:01]} Nd3+
{[%clk 0:01:10]} 23. Kd1 {[%clk 0:32:25]} Qb4 {[%clk 0:00:39]} 24. Rxh7+
{[%clk 0:31:58]} Kxh7 {[%clk 0:01:06]} 25. Bxf8 {[%clk 0:32:22]} Nxb2+
{[%clk 0:00:32]} 26. Kc2 {[%clk 0:32:46]} 1-0

[Event "World Chess Olympiad 2018"]
[Site "Batumi"]
[Date "2018.10.02"]
[Round "8"]
[Board "2"]
[WhiteFideId "3902501"]
[White "Zavarce Sayago Oscar Enrique"]
[BlackFideId "6600247"]
[Black "Baules Jorge"]
[Result "0-1"]
[LiveChessVersion "1.4.8"]
[BlackElo "2358"]
[WhiteElo "2346"]

1. d4 {[%clk 1:30:51]} d5 {[%clk 1:30:43]} 2. Nf3 {[%clk 1:30:27]} Nf6
{[%clk 1:31:09]} 3. c4 {[%clk 1:28:33]} dxc4 {[%clk 1:31:29]} 4. Qa4+
{[%clk 1:17:00]} c6 {[%clk 1:31:52]} 5. Qxc4 {[%clk 1:17:21]} Bf5
{[%clk 1:32:16]} 6. Nc3 {[%clk 1:15:31]} e6 {[%clk 1:31:38]} 7. g3
{[%clk 1:06:55]} Nbd7 {[%clk 1:31:11]} 8. Bg2 {[%clk 1:07:08]} Be7
{[%clk 1:31:33]} 9. O-O {[%clk 1:05:44]} Ne4 {[%clk 1:27:26]} 10. a4
{[%clk 0:39:26]} a5 {[%clk 1:11:31]} 11. Rd1 {[%clk 0:37:49]} O-O
{[%clk 1:10:20]} 12. Bf4 {[%clk 0:29:39]} Qb6 {[%clk 0:25:53]} 13. Nh4
{[%clk 0:24:35]} Bxh4 {[%clk 0:26:12]} 14. gxh4 {[%clk 0:17:19]} Ndf6
{[%clk 0:20:31]} 15. f3 {[%clk 0:10:45]} Nxc3 {[%clk 0:20:59]} 16. bxc3
{[%clk 0:11:11]} Nh5 {[%clk 0:14:21]} 17. Be5 {[%clk 0:04:21]} Qd8
{[%clk 0:01:45]} 18. e4 {[%clk 0:04:50]} Bg6 {[%clk 0:02:14]} 19. d5
{[%clk 0:04:15]} Qxh4 {[%clk 0:02:17]} 20. dxe6 {[%clk 0:02:47]} Rfe8
{[%clk 0:00:33]} 21. exf7+ {[%clk 0:00:33]} Bxf7 {[%clk 0:01:02]} 22. Qc5
{[%clk 0:00:42]} b6 {[%clk 0:00:35]} 23. Qxc6 {[%clk 0:00:36]} Rac8
{[%clk 0:01:03]} 24. Qb7 {[%clk 0:00:35]} Qg5 {[%clk 0:00:53]} 25. Bd6
{[%clk 0:00:34]} Rxc3 {[%clk 0:00:59]} 26. Kh1 {[%clk 0:00:33]} Nf4
{[%clk 0:00:37]} 27. Bxf4 {[%clk 0:00:36]} Qxf4 {[%clk 0:01:05]} 28. Qxb6
{[%clk 0:00:48]} Rxf3 {[%clk 0:00:45]} 29. Rd8 {[%clk 0:00:34]} Rf2
{[%clk 0:00:34]} 30. Rxe8+ {[%clk 0:00:33]} Bxe8 {[%clk 0:01:02]} 31. Rd1
{[%clk 0:00:33]} h6 {[%clk 0:00:38]} 32. Qxa5 {[%clk 0:00:34]} Kh7
{[%clk 0:00:32]} 33. Rg1 {[%clk 0:00:32]} Bg6 {[%clk 0:01:00]} 34. Qe1
{[%clk 0:00:33]} Rxg2 {[%clk 0:00:53]} 35. Rxg2 {[%clk 0:00:37]} Bxe4
{[%clk 0:01:15]} 36. a5 {[%clk 0:00:34]} Qf3 {[%clk 0:01:17]} 37. Qg1
{[%clk 0:00:34]} h5 {[%clk 0:00:56]} 38. h4 {[%clk 0:00:32]} Qh3+
{[%clk 0:01:16]} 39. Qh2 {[%clk 0:01:02]} Bxg2+ {[%clk 0:01:38]} 40. Kg1
{[%clk 0:31:31]} Qxh2+ {[%clk 0:31:51]} 0-1

[Event "World Chess Olympiad 2018"]
[Site "Batumi"]
[Date "2018.10.02"]
[Round "8"]
[Board "3"]
[WhiteFideId "6100538"]
[White "Ramos Efren Andres"]
[BlackFideId "3902480"]
[Black "Vivas Zamora Fabian Ernesto"]
[Result "1/2-1/2"]
[LiveChessVersion "1.4.8"]
[BlackElo "2363"]
[WhiteElo "2244"]

1. Nf3 {[%clk 1:30:40]} c5 {[%clk 1:30:43]} 2. c4 {[%clk 1:30:15]} Nf6
{[%clk 1:30:55]} 3. Nc3 {[%clk 1:30:27]} d5 {[%clk 1:31:06]} 4. cxd5
{[%clk 1:30:12]} Nxd5 {[%clk 1:31:28]} 5. e4 {[%clk 1:30:36]} Nxc3
{[%clk 1:31:37]} 6. dxc3 {[%clk 1:30:39]} Qxd1+ {[%clk 1:30:39]} 7. Kxd1
{[%clk 1:31:04]} Nc6 {[%clk 1:30:00]} 8. Be3 {[%clk 1:30:52]} e6 {[%clk 1:27:00]}
9. Kc2 {[%clk 1:30:24]} Bd7 {[%clk 1:26:45]} 10. Rd1 {[%clk 1:29:16]} Be7
{[%clk 1:23:05]} 11. Be2 {[%clk 1:28:03]} O-O-O {[%clk 1:18:10]} 12. Nd2
{[%clk 1:27:11]} f6 {[%clk 1:09:55]} 13. Nc4 {[%clk 1:24:25]} e5 {[%clk 1:09:28]}
14. Nd6+ {[%clk 1:24:10]} Bxd6 {[%clk 1:09:47]} 15. Rxd6 {[%clk 1:24:31]} b6
{[%clk 1:07:02]} 16. Rhd1 {[%clk 1:24:37]} Kc7 {[%clk 1:05:10]} 17. R6d2
{[%clk 1:23:41]} Be6 {[%clk 1:04:32]} 18. Rxd8 {[%clk 1:22:21]} Rxd8
{[%clk 1:04:49]} 19. Rxd8 {[%clk 1:22:13]} Nxd8 {[%clk 1:04:55]} 20. h4
{[%clk 1:05:33]} Nf7 {[%clk 1:01:39]} 21. b3 {[%clk 0:59:58]} Nd6
{[%clk 0:57:27]} 22. f3 {[%clk 1:00:02]} c4 {[%clk 0:54:11]} 23. g4
{[%clk 0:57:30]} Bf7 {[%clk 0:52:45]} 24. Bc1 {[%clk 0:57:32]} h5
{[%clk 0:45:05]} 25. g5 {[%clk 0:52:54]} f5 {[%clk 0:42:45]} 26. Ba3
{[%clk 0:52:56]} Be6 {[%clk 0:26:11]} 27. Bxd6+ {[%clk 0:35:48]} Kxd6
{[%clk 0:26:39]} 28. b4 {[%clk 0:31:53]} g6 {[%clk 0:25:50]} 29. Kd2
{[%clk 0:31:41]} f4 {[%clk 0:25:44]} 30. Bd1 {[%clk 0:31:50]} Bd7
{[%clk 0:24:35]} 31. a3 {[%clk 0:30:21]} 1/2-1/2

[Event "World Chess Olympiad 2018"]
[Site "Batumi"]
[Date "2018.10.02"]
[Round "8"]
[Board "4"]
[WhiteFideId "4401859"]
[White "Palencia Morales Wilson Guillermo"]
[BlackFideId "6600581"]
[Black "Tapia Alexei"]
[Result "1/2-1/2"]
[LiveChessVersion "1.4.8"]
[BlackElo "2193"]
[WhiteElo "2345"]

1. d4 {[%clk 1:30:57]} Nf6 {[%clk 1:30:49]} 2. Nf3 {[%clk 1:31:20]} e6
{[%clk 1:31:03]} 3. Bf4 {[%clk 1:31:42]} c5 {[%clk 1:30:49]} 4. e3
{[%clk 1:31:58]} cxd4 {[%clk 1:29:18]} 5. exd4 {[%clk 1:31:21]} Be7
{[%clk 1:27:40]} 6. Bd3 {[%clk 1:29:02]} b6 {[%clk 1:26:15]} 7. O-O
{[%clk 1:28:58]} Bb7 {[%clk 1:25:50]} 8. Re1 {[%clk 1:28:17]} O-O
{[%clk 1:21:31]} 9. Nc3 {[%clk 1:24:02]} d6 {[%clk 1:18:32]} 10. Qe2
{[%clk 1:21:52]} Nbd7 {[%clk 1:12:55]} 11. Ng5 {[%clk 1:03:43]} Re8
{[%clk 1:08:40]} 12. Nxf7 {[%clk 0:53:55]} Kxf7 {[%clk 1:08:31]} 13. Qxe6+
{[%clk 0:54:18]} Kf8 {[%clk 1:08:50]} 14. Re3 {[%clk 0:54:04]} Bc8
{[%clk 0:54:05]} 15. Qb3 {[%clk 0:51:03]} Bb7 {[%clk 0:39:12]} 16. Rae1
{[%clk 0:32:05]} Nb8 {[%clk 0:29:58]} 17. Nb5 {[%clk 0:13:59]} Nc6
{[%clk 0:26:43]} 18. Qa3 {[%clk 0:05:26]} d5 {[%clk 0:12:19]} 19. Rxe7
{[%clk 0:02:21]} Nxe7 {[%clk 0:10:48]} 20. Nd6 {[%clk 0:02:06]} Bc6
{[%clk 0:10:27]} 21. Nxe8 {[%clk 0:02:15]} Nxe8 {[%clk 0:10:38]} 22. Bxh7
{[%clk 0:02:18]} Qd7 {[%clk 0:08:39]} 23. h3 {[%clk 0:01:19]} Rd8
{[%clk 0:08:04]} 24. g4 {[%clk 0:01:19]} Nd6 {[%clk 0:05:36]} 25. Qf3
{[%clk 0:01:31]} Nf7 {[%clk 0:05:43]} 26. Bd2 {[%clk 0:01:21]} a5
{[%clk 0:05:08]} 27. Qa3 {[%clk 0:01:16]} Qd6 {[%clk 0:04:54]} 28. Qf3
{[%clk 0:00:51]} Qf6 {[%clk 0:04:09]} 29. Qxf6 {[%clk 0:01:02]} gxf6
{[%clk 0:04:32]} 30. Bd3 {[%clk 0:01:23]} Nd6 {[%clk 0:04:12]} 31. Bf4
{[%clk 0:01:39]} Kf7 {[%clk 0:03:58]} 32. f3 {[%clk 0:01:52]} Nc4
{[%clk 0:02:04]} 33. b3 {[%clk 0:02:08]} Nd6 {[%clk 0:02:13]} 34. a4
{[%clk 0:02:07]} Nec8 {[%clk 0:01:22]} 35. Bd2 {[%clk 0:00:50]} Re8
{[%clk 0:01:24]} 36. Ra1 {[%clk 0:00:55]} Bd7 {[%clk 0:00:48]} 37. Kf2
{[%clk 0:01:07]} Ne7 {[%clk 0:00:39]} 38. Bf4 {[%clk 0:00:50]} Ndc8
{[%clk 0:00:40]} 39. Bc7 {[%clk 0:00:48]} Ng6 {[%clk 0:00:48]} 40. Rh1
{[%clk 0:30:54]} Nh4 {[%clk 0:30:41]} 41. Kg3 {[%clk 0:30:26]} Ng6
{[%clk 0:30:27]} 42. h4 {[%clk 0:29:06]} Rg8 {[%clk 0:29:11]} 43. Kf2
{[%clk 0:28:54]} Nf8 {[%clk 0:29:11]} 44. Bf4 {[%clk 0:29:03]} Ne6
{[%clk 0:29:08]} 45. Be3 {[%clk 0:29:21]} Nd6 {[%clk 0:27:56]} 46. Ra1
{[%clk 0:28:04]} Rc8 {[%clk 0:23:56]} 47. f4 {[%clk 0:27:24]} f5 {[%clk 0:22:53]}
48. g5 {[%clk 0:26:57]} Rh8 {[%clk 0:22:30]} 49. Rh1 {[%clk 0:27:09]} Ng7
{[%clk 0:21:06]} 50. Bc1 {[%clk 0:22:32]} Ne4+ {[%clk 0:19:25]} 51. Kf3
{[%clk 0:22:24]} Nh5 {[%clk 0:18:17]} 52. Rh2 {[%clk 0:22:05]} Bc6
{[%clk 0:15:53]} 53. Bd2 {[%clk 0:18:49]} Kg6 {[%clk 0:14:43]} 54. Be1
{[%clk 0:19:05]} Re8 {[%clk 0:14:02]} 55. Bd2 {[%clk 0:15:22]} Rc8
{[%clk 0:11:40]} 56. Bc1 {[%clk 0:15:12]} Re8 {[%clk 0:11:17]} 57. Bb2
{[%clk 0:13:04]} Rc8 {[%clk 0:09:42]} 58. Rg2 {[%clk 0:10:51]} Re8
{[%clk 0:07:51]} 59. Bc1 {[%clk 0:10:15]} Rc8 {[%clk 0:07:18]} 60. Be3
{[%clk 0:10:01]} Re8 {[%clk 0:07:07]} 61. Rg1 {[%clk 0:08:43]} Rh8
{[%clk 0:06:49]} 62. Rg2 {[%clk 0:05:54]} Re8 {[%clk 0:05:55]} 63. Rh2
{[%clk 0:06:07]} Rc8 {[%clk 0:05:51]} 64. Rh3 {[%clk 0:06:09]} Re8
{[%clk 0:05:52]} 65. Rh2 {[%clk 0:05:36]} Rc8 {[%clk 0:06:11]} 66. Ba6
{[%clk 0:04:38]} Ra8 {[%clk 0:05:48]} 67. Bd3 {[%clk 0:04:45]} Rc8
{[%clk 0:06:06]} 68. Ba6 {[%clk 0:04:58]} Ra8 {[%clk 0:06:29]} 69. Bd3
{[%clk 0:04:16]} Rc8 {[%clk 0:05:41]} 70. Ba6 1/2-1/2

[Event "World Chess Olympiad 2018"]
[Site "Batumi"]
[Date "2018.10.02"]
[Round "8"]
[Board "1"]
[WhiteFideId "5300118"]
[White "Eid Fadi"]
[BlackFideId "5201322"]
[Black "Paciencia Enrique"]
[Result "1/2-1/2"]
[LiveChessVersion "1.4.8"]
[BlackElo "2335"]
[WhiteElo "2328"]

1. e4 {[%clk 1:30:55]} e5 {[%clk 1:30:09]} 2. Nc3 {[%clk 1:31:16]} Nf6
{[%clk 1:29:45]} 3. g3 {[%clk 1:31:22]} Bc5 {[%clk 1:27:52]} 4. Bg2
{[%clk 1:31:41]} c6 {[%clk 1:22:17]} 5. Nf3 {[%clk 1:31:16]} Qe7 {[%clk 1:17:40]}
6. O-O {[%clk 1:31:30]} d6 {[%clk 1:17:13]} 7. h3 {[%clk 1:29:48]} Bb6
{[%clk 1:15:47]} 8. d3 {[%clk 1:29:54]} Nbd7 {[%clk 1:14:40]} 9. a4
{[%clk 1:27:07]} a5 {[%clk 1:13:08]} 10. d4 {[%clk 1:26:17]} O-O {[%clk 0:59:25]}
11. Be3 {[%clk 1:19:38]} Ne8 {[%clk 0:55:32]} 12. Re1 {[%clk 1:18:55]} Nc7
{[%clk 0:52:30]} 13. Qd2 {[%clk 1:17:01]} Re8 {[%clk 0:48:57]} 14. Rad1
{[%clk 1:17:22]} Ne6 {[%clk 0:47:18]} 15. Qe2 {[%clk 1:13:57]} Bc7
{[%clk 0:44:23]} 16. Kh2 {[%clk 1:10:46]} Nb8 {[%clk 0:33:43]} 17. d5
{[%clk 1:09:40]} Nf8 18. Nh4 {[%clk 1:06:15]} g6 {[%clk 0:32:26]} 19. Qd2
{[%clk 1:04:23]} Na6 {[%clk 0:31:01]} 20. f4 {[%clk 1:01:23]} Nd7
{[%clk 0:26:27]} 21. Nf3 Nb4 {[%clk 0:23:04]} 22. fxe5 {[%clk 0:59:56]} Nxe5
{[%clk 0:23:24]} 23. Nxe5 {[%clk 1:00:19]} Qxe5 {[%clk 0:23:47]} 24. Qf2
{[%clk 0:59:24]} Bd7 {[%clk 0:19:26]} 25. Rf1 {[%clk 0:58:17]} Qe7
{[%clk 0:15:18]} 26. e5 cxd5 27. Nxd5 {[%clk 0:53:10]} Nxd5 {[%clk 0:15:44]} 28.
Bxd5 {[%clk 0:53:01]} Be6 {[%clk 0:15:45]} 29. Bxb7 {[%clk 0:49:01]} Rab8
{[%clk 0:14:37]} 30. Bc6 {[%clk 0:48:50]} Rec8 {[%clk 0:12:48]} 31. exd6
{[%clk 0:42:23]} Bxd6 {[%clk 0:13:13]} 32. Bb5 Be5 {[%clk 0:10:51]} 33. Bd4
{[%clk 0:41:56]} Qc7 {[%clk 0:09:50]} 34. c3 {[%clk 0:41:43]} Rd8
{[%clk 0:09:45]} 35. h4 {[%clk 0:33:53]} Bxd4 {[%clk 0:08:21]} 36. Rxd4
{[%clk 0:32:14]} Rxd4 {[%clk 0:08:38]} 37. Qxd4 {[%clk 0:31:54]} Rd8
{[%clk 0:08:39]} 38. Qe3 {[%clk 0:31:58]} Qd6 {[%clk 0:07:49]} 39. c4
{[%clk 0:18:58]} Qb4 {[%clk 0:05:43]} 40. b3 {[%clk 0:34:44]} Rd2+
{[%clk 0:33:44]} 41. Rf2 {[%clk 0:33:25]} Rxf2+ {[%clk 0:32:29]} 42. Qxf2
{[%clk 0:33:53]} Qxb3 {[%clk 0:32:26]} 43. Qd2 {[%clk 0:26:00]} Qf3
{[%clk 0:24:22]} 44. Qd8+ {[%clk 0:20:34]} Kg7 {[%clk 0:24:43]} 45. Qd4+
{[%clk 0:21:04]} Qf6 {[%clk 0:22:45]} 46. Qe3 {[%clk 0:17:01]} h5
{[%clk 0:20:10]} 47. c5 {[%clk 0:13:59]} Qb2+ {[%clk 0:19:38]} 48. Kg1
{[%clk 0:14:21]} Bd5 {[%clk 0:18:57]} 49. Kf1 {[%clk 0:10:27]} Kg8
{[%clk 0:13:50]} 50. Ke1 {[%clk 0:08:59]} Qb4+ {[%clk 0:13:16]} 51. Kf2
{[%clk 0:09:08]} Qb2+ {[%clk 0:12:08]} 52. Ke1 {[%clk 0:09:21]} Qc2
{[%clk 0:11:32]} 53. Qd4 {[%clk 0:08:09]} Qb3 {[%clk 0:11:09]} 54. Kd2
{[%clk 0:06:28]} Qf3 {[%clk 0:09:31]} 55. Qc3 {[%clk 0:05:22]} Qf2+
{[%clk 0:08:02]} 56. Kc1 {[%clk 0:05:30]} Qg1+ {[%clk 0:07:16]} 57. Kd2
{[%clk 0:05:41]} Qg2+ {[%clk 0:07:19]} 58. Kc1 {[%clk 0:06:02]} 1/2-1/2

[Event "World Chess Olympiad 2018"]
[Site "Batumi"]
[Date "2018.10.02"]
[Round "8"]
[Board "2"]
[WhiteFideId "8602425"]
[White "Gong Qianyun"]
[BlackFideId "5300398"]
[Black "Tomb Maroun"]
[Result "0-1"]
[LiveChessVersion "1.4.8"]
[BlackElo "2177"]
[WhiteElo "2321"]

1. d4 {[%clk 1:30:56]} d6 {[%clk 1:30:38]} 2. Nf3 {[%clk 1:31:17]} Nf6
{[%clk 1:30:57]} 3. Bf4 {[%clk 1:31:37]} Nbd7 {[%clk 1:31:18]} 4. e3
{[%clk 1:29:55]} Nh5 {[%clk 1:30:37]} 5. Bg5 {[%clk 1:29:47]} h6 {[%clk 1:31:04]}
6. Bh4 {[%clk 1:30:13]} g5 {[%clk 1:31:14]} 7. Bg3 {[%clk 1:26:10]} Bg7
{[%clk 1:30:44]} 8. Bd3 {[%clk 1:21:25]} c5 {[%clk 1:28:05]} 9. c3
{[%clk 1:21:29]} b6 {[%clk 1:26:00]} 10. Nbd2 {[%clk 1:19:24]} Bb7
{[%clk 1:19:35]} 11. Qe2 {[%clk 1:17:04]} Qc7 {[%clk 1:16:37]} 12. b4
{[%clk 0:55:22]} Nxg3 {[%clk 1:15:41]} 13. fxg3 {[%clk 0:54:17]} a5
{[%clk 1:12:35]} 14. bxc5 {[%clk 0:52:10]} bxc5 {[%clk 1:11:46]} 15. O-O
{[%clk 0:52:23]} a4 {[%clk 0:58:56]} 16. Rab1 {[%clk 0:51:14]} Bc6
{[%clk 0:55:32]} 17. g4 {[%clk 0:28:07]} Nf6 {[%clk 0:51:00]} 18. h4
{[%clk 0:26:23]} gxh4 {[%clk 0:49:21]} 19. Nxh4 {[%clk 0:26:29]} e6
{[%clk 0:49:11]} 20. Rf2 {[%clk 0:23:55]} Rb8 {[%clk 0:41:33]} 21. Rbf1
{[%clk 0:17:56]} Rb2 {[%clk 0:39:04]} 22. Qe1 {[%clk 0:18:15]} Qe7
{[%clk 0:37:38]} 23. Nc4 {[%clk 0:14:50]} Rxf2 {[%clk 0:37:52]} 24. Qxf2
{[%clk 0:15:18]} O-O {[%clk 0:31:53]} 25. Qg3 {[%clk 0:15:41]} Be4
{[%clk 0:30:47]} 26. Be2 {[%clk 0:14:29]} Nd5 {[%clk 0:24:20]} 27. Rc1
{[%clk 0:14:31]} cxd4 {[%clk 0:24:25]} 28. cxd4 {[%clk 0:14:01]} Rc8
{[%clk 0:24:16]} 29. Re1 {[%clk 0:14:20]} Rc6 {[%clk 0:14:40]} 30. Nf3
{[%clk 0:14:44]} Nc3 {[%clk 0:14:52]} 31. Bf1 {[%clk 0:15:09]} Nxa2
{[%clk 0:14:18]} 32. Ra1 {[%clk 0:15:38]} Nc3 {[%clk 0:14:10]} 33. Qe1
{[%clk 0:16:03]} Nd5 {[%clk 0:13:34]} 34. Rxa4 {[%clk 0:16:17]} Qf6
{[%clk 0:11:41]} 35. Ra8+ {[%clk 0:16:44]} Kh7 {[%clk 0:11:49]} 36. g5
{[%clk 0:10:17]} Qg6 {[%clk 0:08:07]} 37. Ncd2 {[%clk 0:09:27]} Rc3
{[%clk 0:06:14]} 38. Nh4 {[%clk 0:05:37]} Rxe3 {[%clk 0:05:53]} 39. Qf2
{[%clk 0:05:59]} Qxg5 {[%clk 0:02:39]} 40. Qxf7 {[%clk 0:33:15]} Qxh4
{[%clk 0:31:27]} 41. Qg8+ {[%clk 0:30:13]} Kg6 {[%clk 0:31:26]} 42. Ra7
{[%clk 0:29:40]} Qf6 {[%clk 0:26:39]} 43. Nxe4 {[%clk 0:19:59]} Rxe4
{[%clk 0:26:28]} 44. Bd3 {[%clk 0:20:25]} Qxd4+ {[%clk 0:26:11]} 45. Kh1
{[%clk 0:20:53]} Qxa7 {[%clk 0:23:05]} 46. Qxe6+ {[%clk 0:21:17]} Kg5
{[%clk 0:22:57]} 47. Qxe4 {[%clk 0:21:36]} Qa1+ {[%clk 0:23:08]} 48. Bb1
{[%clk 0:22:03]} Qe5 {[%clk 0:21:57]} 49. Qg6+ {[%clk 0:22:18]} Kf4
{[%clk 0:17:59]} 50. g3+ {[%clk 0:22:27]} 0-1

[Event "World Chess Olympiad 2018"]
[Site "Batumi"]
[Date "2018.10.02"]
[Round "8"]
[Board "3"]
[WhiteFideId "5300150"]
[White "Kassis Antoine"]
[BlackFideId "5804167"]
[Black "Lee Qing Aun"]
[Result "0-1"]
[LiveChessVersion "1.4.8"]
[BlackElo "2297"]
[WhiteElo "2173"]

1. e4 {[%clk 1:30:57]} e6 {[%clk 1:29:50]} 2. d4 {[%clk 1:30:35]} d5
{[%clk 1:30:02]} 3. Nc3 {[%clk 1:30:16]} Bb4 {[%clk 1:30:06]} 4. exd5
{[%clk 1:25:19]} exd5 {[%clk 1:30:27]} 5. Qf3 {[%clk 1:25:45]} Ne7
{[%clk 1:20:09]} 6. Bd3 {[%clk 1:16:21]} Nbc6 {[%clk 1:18:53]} 7. Nge2
{[%clk 1:14:22]} Be6 {[%clk 1:18:35]} 8. a3 {[%clk 0:54:45]} Bxc3+
{[%clk 1:18:47]} 9. bxc3 {[%clk 0:54:59]} Qd7 {[%clk 1:19:10]} 10. O-O
{[%clk 0:51:53]} O-O-O {[%clk 1:18:10]} 11. Nf4 {[%clk 0:43:56]} Bg4
{[%clk 1:09:52]} 12. Qg3 {[%clk 0:40:33]} h5 {[%clk 1:08:59]} 13. f3
{[%clk 0:40:25]} Bf5 {[%clk 1:08:34]} 14. Qxg7 {[%clk 0:37:27]} Bxd3
{[%clk 0:58:56]} 15. Nxd3 {[%clk 0:24:16]} Nf5 {[%clk 0:54:01]} 16. Qf6
{[%clk 0:23:27]} b6 {[%clk 0:54:08]} 17. Re1 {[%clk 0:17:33]} Rhg8
{[%clk 0:34:35]} 18. Ne5 {[%clk 0:17:37]} Nxe5 {[%clk 0:34:57]} 19. Rxe5
{[%clk 0:18:02]} Nd6 {[%clk 0:35:21]} 20. Rxh5 {[%clk 0:14:18]} Qa4
{[%clk 0:29:47]} 21. Bg5 {[%clk 0:08:55]} Rde8 {[%clk 0:29:15]} 22. Rc1
{[%clk 0:06:46]} Qxa3 {[%clk 0:27:50]} 23. Bd2 {[%clk 0:03:11]} Re2
{[%clk 0:27:39]} 24. Rg5 {[%clk 0:02:57]} Rge8 {[%clk 0:28:08]} 25. Qf4
{[%clk 0:02:04]} Nc4 {[%clk 0:23:49]} 26. Qxf7 {[%clk 0:02:05]} Nxd2
{[%clk 0:23:48]} 27. Rd1 {[%clk 0:02:03]} Qxc3 {[%clk 0:23:22]} 28. Qf5+
{[%clk 0:02:09]} Kb8 {[%clk 0:23:37]} 29. Qd3 {[%clk 0:02:31]} Qxd3
{[%clk 0:20:42]} 30. cxd3 {[%clk 0:03:00]} a5 {[%clk 0:20:55]} 31. h4
{[%clk 0:03:20]} a4 {[%clk 0:21:04]} 32. Rxd5 {[%clk 0:03:26]} a3
{[%clk 0:21:09]} 0-1